Statistics for Unscramble Rush - Math Terms

Click here to take the quiz!

General Stats

  • This quiz has been taken 69 times
  • The average score is 8 of 10

Answer Stats

ScrambledUnscrambled% Correct
raGphGraph
100%
oviniDsDivision
90%
nosxesprEiExpression
82%
crointaFFraction
82%
indAotdiAddition
78%
cimeaDlDecimal
78%
unoFinctFunction
78%
otxennpEExponent
70%
ocraFtFactor
70%
trenopOiaOperation
37%

Score Distribution

Percentile by Number Answered

Percent of People with Each Score

Your Score History

You have not taken this quiz